000 01049nam a22002175i 4500
001 159837
003 ES-MaACL
005 20250717062048.0
008 040923q18861900fr |||| | fre d
040 _aCAM
_bspa
_cCAM
100 1 _aMistral, Frédéric,
_d1830-1914
_981664
245 1 0 _aLou tresor dóu felibrige ou Dictionnaire provençal-français
_b: embrassant les divers dialectes de la langue d'Oc moderne ... /
_cpar Frédéric Mistral.
260 _aAix-en-Provence :
_bVeuve Remonde-Aubin libraire-éditeur ;
_aAvignon :
_bReumanille libraire ;
_aParis :
_bH. Champion libraire,
_c[s.a.]
300 _a2 v. (1196; 1165 p.) ;
_c31 cm.
596 _aProbablemente fechado entre 1882 (fecha que consta en última pag. del t.II ) y 1900.
596 _aEl primer editor y el imp. del t.II es J. Remondet-Aubin libraire-éditeur.
650 4 _aLengua provenzal-
_vDiccionarios-
_xFrancés.
_9136369
740 0 1 _aDictionnaire provençal-français.
852 _aES-MaACL
_jB-1139-40
_z-- Enc. hol.
999 _c159837
_d159837